000 00885 a2200217 4500
999 _c3760
_d3760
020 _a9781441186560 (pbk.)
020 _a1441186565 (pbk.)
050 0 0 _aLB1590.3 JOH 2010
100 1 _aJohnson, Stephen.
_eauthor
245 1 0 _aTeaching thinking skills /
_cStephen Johnson and Harvey Siegel ; edited by Christopher Winch.
250 _a2nd ed.
264 _aNew York:
_bContinuum,
_c2010
300 _axvi, 127 p. :
500 _aIncludes bibliographical references and index.
504 _aIncludes bibliographical references and index.
650 0 _aThought and thinking
_xStudy and teaching.
700 1 _aSiegel, Harvey,
_d1952-
_eauthor
700 1 _aWinch, Christopher.
_eeditor
942 _2lcc
_cBK
_h1590.3
_iJOH
_kLB